[Event "Veliko Gradiste Silver Lake op-A"]
[Site "Veliko Gradiste"]
[Date "2017.06.24"]
[Round "8"]
[White "Sahin, Ozgun"]
[Black "Savic, Dragan"]
[Result "1-0"]
[WhiteElo "2164"]
[BlackElo "2126"]
[PlyCount "73"]
[EventDate "2017.06.18"]
[EventType "swiss"]
[EventRounds "9"]
[EventCountry "SRB"]
[SourceTitle "EXT 2018"]
[Source "ChessBase"]
[SourceDate "2017.10.13"]
[SourceVersion "1"]
[SourceVersionDate "2017.10.13"]
[SourceQuality "1"]

1. e4 e6 2. d4 d5 3. exd5 exd5 4. Bd3 Bd6 5. Nc3 c6 6. Nge2 Ne7 7. Bg5 f6 8. Bh4 Bf5 9. Qd2 0-0 10. f3 b5 11. g4 Bxd3 12. Qxd3 a5 13. Bg3 a4 14. a3 Qc7 15. Qe3 Bxg3+ 16. hxg3 Qd6 17. Nf4 Nd7 18. Kf2 Ng6 19. Rae1 Nxf4 20. gxf4 Rfe8 21. Qxe8+ Rxe8 22. Rxe8+ Kf7 23. Rhe1 Nf8 24. R1e3 Qd7 25. Ra8 Ng6 26. f5 Ne7 27. Ne2 g6 28. fxg6+ Nxg6 29. Ng3 Ne7 30. b3 f5 31. Rh8 Kg6 32. Nh5 fxg4 33. fxg4 Qc7 34. Rxe7 Qxe7 35. Rg8+ Kh6 36. Ng3 Qh4 37. Kg2 1-0

[Event "Veliko Gradiste Silver Lake op-A"]
[Site "Veliko Gradiste"]
[Date "2017.06.20"]
[Round "4"]
[White "Manojlovic, Sava"]
[Black "Savic, Dragan"]
[Result "0-1"]
[WhiteElo "2047"]
[BlackElo "2126"]
[PlyCount "50"]
[EventDate "2017.06.18"]
[EventType "swiss"]
[EventRounds "9"]
[EventCountry "SRB"]
[SourceTitle "CBM 179 Extra"]
[Source "ChessBase"]
[SourceDate "2017.08.23"]
[SourceVersion "1"]
[SourceVersionDate "2017.08.23"]
[SourceQuality "1"]

1. Nf3 Nf6 2. d4 g6 3. g3 d5 4. Bg2 Nbd7 5. 0-0 Bg7 6. c4 c6 7. cxd5 cxd5 8. Nc3 0-0 9. Bf4 Nb6 10. b3 Bf5 11. Rc1 Rc8 12. Qd2 Ne4 13. Qe3 Qd7 14. Ne5 Bxe5 15. Bxe5 f6 16. Bf4 g5 17. Bxe4 dxe4 18. Bxg5 fxg5 19. Qxg5+ Kh8 20. e3 Rf6 21. Qh4 Qe6 22. Ne2 Rg8 23. Nf4 Qf7 24. Rc5 Rg4 25. Qh3 Rxf4 0-1

[Event "Senta op 20th"]
[Site "Senta"]
[Date "2016.07.26"]
[Round "6"]
[White "Savic, Dragan"]
[Black "Nestorovic, Katarina"]
[Result "0-1"]
[WhiteElo "2105"]
[BlackElo "1974"]
[PlyCount "104"]
[EventDate "2016.07.22"]
[EventType "swiss"]
[EventRounds "9"]
[EventCountry "SRB"]
[SourceTitle "EXT 2017"]
[Source "ChessBase"]
[SourceDate "2016.10.25"]
[SourceVersion "1"]
[SourceVersionDate "2016.10.25"]
[SourceQuality "1"]

1. c3 e6 2. d4 c5 3. dxc5 Bxc5 4. e4 Nf6 5. Bd3 Qb6 6. Qe2 Nc6 7. Nf3 Ng4 8. 0-0 Nce5 9. Nxe5 Nxe5 10. Bc2 a5 11. Nd2 0-0 12. Nb3 Be7 13. Be3 Qa6 14. Qh5 d6 15. Rad1 Bd7 16. Nd4 b5 17. f4 Nc4 18. Bc1 g6 19. Qe2 Rfc8 20. Bd3 e5 21. fxe5 dxe5 22. Nf3 Qe6 23. Ng5 Qb6+ 24. Kh1 Nd6 25. Be3 Qb7 26. Nf3 f6 27. Bb1 Be6 28. Bf2 Bc4 29. Bd3 Bxd3 30. Rxd3 Qxe4 31. Re3 Qc4 32. Qe1 Qxa2 33. Bh4 Nf5 34. Re4 Qxb2 35. Nxe5 fxe5 36. Bxe7 Nxe7 37. Rxe5 Qxc3 38. Rxe7 Qxe1 39. Rfxe1 a4 40. Rb7 Rcb8 41. Rd7 Re8 42. Ra1 b4 43. Rb7 b3 44. Kg1 Reb8 45. Rxa4 Rxb7 46. Rxa8+ Kf7 47. Ra1 b2 48. Rb1 Ke6 49. Kf2 Kd5 50. Ke3 Kc4 51. Kd2 Kb3 52. Rf1 Ka2 0-1

[Event "Senta op 20th"]
[Site "Senta"]
[Date "2016.07.23"]
[Round "3"]
[White "Radusinovic, Lazar"]
[Black "Savic, Dragan"]
[Result "1-0"]
[WhiteElo "2361"]
[BlackElo "2105"]
[PlyCount "69"]
[EventDate "2016.07.22"]
[EventType "swiss"]
[EventRounds "9"]
[EventCountry "SRB"]
[SourceTitle "EXT 2017"]
[Source "ChessBase"]
[SourceDate "2016.10.25"]
[SourceVersion "1"]
[SourceVersionDate "2016.10.25"]
[SourceQuality "1"]

1. d4 Nf6 2. Nf3 g6 3. g3 Bg7 4. Bg2 0-0 5. 0-0 d5 6. c4 c6 7. cxd5 cxd5 8. Ne5 b6 9. Nc3 Bb7 10. Qa4 a6 11. Rd1 Ne4 12. Qb3 Nxc3 13. bxc3 f6 14. Nd3 e6 15. Rb1 Nd7 16. Nf4 Re8 17. e4 Kh8 18. exd5 exd5 19. Nxd5 b5 20. a4 bxa4 21. Qxa4 Ra7 22. Rxb7 Rxb7 23. Nxf6 Qxf6 24. Bxb7 Re2 25. Be3 Qf7 26. Bxa6 Rxe3 27. fxe3 Qf3 28. Qxd7 Qxd1+ 29. Kf2 Qc2+ 30. Be2 Bh6 31. Qe8+ Kg7 32. Qe7+ Kg8 33. Qe6+ Kh8 34. Kf3 Qxc3 35. Bc4 1-0

[Event "Stari Banovci Vidovdan op"]
[Site "Stari Banovci"]
[Date "2016.07.04"]
[Round "9"]
[White "Savic, Dragan"]
[Black "Tisma, Ivan"]
[Result "0-1"]
[WhiteElo "2105"]
[BlackElo "2212"]
[PlyCount "112"]
[EventDate "2016.06.28"]
[EventType "swiss"]
[EventRounds "9"]
[EventCountry "SRB"]
[SourceTitle "CBM 173 Extra"]
[Source "ChessBase"]
[SourceDate "2016.08.29"]
[SourceVersion "1"]
[SourceVersionDate "2016.08.29"]
[SourceQuality "1"]

1. e4 c5 2. Nf3 d6 3. Bb5+ Nd7 4. 0-0 Ngf6 5. Re1 a6 6. Bf1 g6 7. c3 Bg7 8. d4 cxd4 9. cxd4 e5 10. a4 0-0 11. Na3 exd4 12. Nxd4 d5 13. e5 Ne4 14. f3 Nec5 15. b4 Ne6 16. Nxe6 fxe6 17. Qd4 Rf5 18. f4 b6 19. Bd3 Qh4 20. Qf2 Qxf2+ 21. Kxf2 Rf7 22. Kg1 Bb7 23. Nc2 Bf8 24. Bd2 a5 25. Nd4 axb4 26. Nxe6 Nc5 27. Nxc5 bxc5 28. e6 Re7 29. f5 Bg7 30. Bg5 Bd4+ 31. Kh1 Ree8 32. f6 Rxe6 33. Rxe6 Bxa1 34. Re7 Bc6 35. Rg7+ Kh8 36. Rc7 Bxa4 37. Rxc5 h6 38. Bxh6 Bxf6 39. Bxg6 Be8 40. Bf5 b3 41. g4 b2 42. Kg2 Bd7 43. Bg6 Rg8 44. Bd3 Bxg4 45. Kf1 Bf3 46. Be3 Ra8 47. Rb5 Be4 48. Ke2 Ra2 49. Rb8+ Kg7 50. Rb7+ Kg8 51. Bd2 Bg5 52. Rb8+ Kf7 53. Rb7+ Kg6 54. Rb6+ Kh5 55. Bxe4 dxe4 56. Rb5 b1Q 0-1

[Event "Stari Banovci Vidovdan op"]
[Site "Stari Banovci"]
[Date "2016.07.02"]
[Round "6"]
[White "Peovic, Milos"]
[Black "Savic, Dragan"]
[Result "0-1"]
[WhiteElo "2201"]
[BlackElo "2105"]
[PlyCount "80"]
[EventDate "2016.06.28"]
[EventType "swiss"]
[EventRounds "9"]
[EventCountry "SRB"]
[SourceTitle "CBM 173 Extra"]
[Source "ChessBase"]
[SourceDate "2016.08.29"]
[SourceVersion "1"]
[SourceVersionDate "2016.08.29"]
[SourceQuality "1"]

1. d4 Nf6 2. Nf3 g6 3. c4 c5 4. Nc3 Bg7 5. d5 d6 6. h3 0-0 7. e4 b5 8. cxb5 a6 9. b6 Nbd7 10. a4 Qxb6 11. Nd2 Ne8 12. a5 Qb7 13. Nc4 Nc7 14. Ra3 Rb8 15. Na4 f5 16. f3 fxe4 17. fxe4 Ne5 18. Nab6 Nb5 19. Nxe5 Bxe5 20. Rf3 Bd7 21. Nc4 Rxf3 22. Qxf3 Nd4 23. Qd3 Bb5 24. h4 Qc8 25. Qh3 Bd7 26. Qd3 Rb3 27. Nxe5 Rxd3 28. Nxd3 Qd8 29. Bd2 Bg4 30. Nf4 Qc8 31. Bc4 Qb7 32. Nd3 e5 33. Bh6 Be2 34. Rh3 Bxd3 35. Bxd3 Qxb2 36. Bd2 Qa1+ 37. Kf2 Qa2 38. Ke1 c4 39. Bf1 Qb1+ 40. Kf2 Qc2 0-1

[Event "Stari Banovci Vidovdan op"]
[Site "Stari Banovci"]
[Date "2016.07.01"]
[Round "5"]
[White "Savic, Dragan"]
[Black "Vukovic, Ilija"]
[Result "1-0"]
[WhiteElo "2105"]
[BlackElo "1740"]
[PlyCount "71"]
[EventDate "2016.06.28"]
[EventType "swiss"]
[EventRounds "9"]
[EventCountry "SRB"]
[SourceTitle "CBM 173 Extra"]
[Source "ChessBase"]
[SourceDate "2016.08.29"]
[SourceVersion "1"]
[SourceVersionDate "2016.08.29"]
[SourceQuality "1"]

1. e4 c5 2. Nf3 e6 3. c3 Nf6 4. e5 Nd5 5. d4 cxd4 6. Nxd4 d6 7. c4 Nc7 8. Nf3 Be7 9. Bd3 Nc6 10. exd6 Bxd6 11. a3 Ne5 12. Nxe5 Bxe5 13. 0-0 Bf6 14. Qb3 0-0 15. Rd1 Qe7 16. Nc3 Na6 17. Qc2 h6 18. b4 Bd7 19. Re1 Ba4 20. Qd2 Qc7 21. Bb2 Bd7 22. c5 Rad8 23. Ne4 Be7 24. Qe3 f5 25. Nd2 Bg5 26. Qe2 Bxd2 27. Qxd2 Bb5 28. Re3 f4 29. Rf3 Bc6 30. Rh3 f3 31. Rg3 g5 32. Rxg5+ hxg5 33. Qxg5+ Kf7 34. Bg6+ Kg8 35. Bh5+ Kh7 36. Qg6# 1-0

[Event "Belgrade Trophy 29th"]
[Site "Belgrade"]
[Date "2015.12.02"]
[Round "9"]
[White "Savic, Dragan"]
[Black "Stamatovic, Aleksandar"]
[Result "0-1"]
[WhiteElo "2107"]
[BlackElo "2215"]
[PlyCount "72"]
[EventDate "2015.11.24"]
[EventType "swiss"]
[EventRounds "9"]
[EventCountry "SRB"]
[SourceTitle "CBM 170 Extra"]
[Source "ChessBase"]
[SourceDate "2016.02.25"]
[SourceVersion "1"]
[SourceVersionDate "2016.02.25"]
[SourceQuality "1"]

1. c3 g6 2. d4 Bg7 3. e4 d6 4. h3 Nd7 5. Be3 Ngf6 6. Nd2 0-0 7. Ngf3 e5 8. dxe5 Nxe5 9. Nxe5 dxe5 10. Qc2 b6 11. Be2 h6 12. 0-0 Qe7 13. Rad1 Bb7 14. Bf3 Rad8 15. Nc4 Qe6 16. b3 a5 17. Rd2 Kh7 18. Rfd1 Rxd2 19. Rxd2 Re8 20. Kh2 a4 21. g3 axb3 22. axb3 Qc6 23. Rd1 Ba6 24. Nd2 Rd8 25. c4 Rd6 26. Be2 Qd7 27. f3 Bc8 28. Bf1 c5 29. Re1 h5 30. h4 Ng8 31. Bg2 f5 32. Bf1 Qd8 33. f4 Nh6 34. Qc1 Ng4+ 35. Kh1 Nxe3 36. Rxe3 Rxd2 0-1

[Event "Belgrade Trophy 29th"]
[Site "Belgrade"]
[Date "2015.11.26"]
[Round "3"]
[White "Savic, Dragan"]
[Black "Brkljaca, Ante"]
[Result "1/2-1/2"]
[WhiteElo "2107"]
[BlackElo "2327"]
[PlyCount "73"]
[EventDate "2015.11.24"]
[EventType "swiss"]
[EventRounds "9"]
[EventCountry "SRB"]
[SourceTitle "CBM 170 Extra"]
[Source "ChessBase"]
[SourceDate "2016.02.25"]
[SourceVersion "1"]
[SourceVersionDate "2016.02.25"]
[SourceQuality "1"]

1. c3 d5 2. d4 c6 3. Nd2 Bf5 4. Ngf3 e6 5. g3 Nf6 6. Bg2 Be7 7. 0-0 Ne4 8. Ne1 Nxd2 9. Bxd2 Nd7 10. f3 Qb6 11. e4 dxe4 12. fxe4 Bg6 13. Qb3 Nf6 14. Qxb6 axb6 15. e5 Nd5 16. a3 b5 17. Rc1 Nb6 18. Rd1 0-0 19. Bc1 Rfd8 20. Nf3 Rd7 21. Rf2 Be4 22. Bf1 Nc4 23. Nd2 Bd5 24. Nxc4 bxc4 25. Be3 Ra5 26. h4 b5 27. Kh2 Ra8 28. Kh3 Re8 29. Be2 f6 30. exf6 Bxf6 31. Bf4 e5 32. Bxe5 Bxe5 33. dxe5 Rxe5 34. Rdf1 g6 35. Bg4 Rde7 36. Bf3 Kg7 37. Kg2 1/2-1/2

[Event "SRB-chT2 West"]
[Site "Kragujevac"]
[Date "2015.10.08"]
[Round "6.6"]
[White "Adzic, Momcilo"]
[Black "Savic, Dragan"]
[Result "1-0"]
[WhiteElo "2232"]
[BlackElo "2116"]
[PlyCount "89"]
[EventDate "2015.09.04"]
[EventType "team-tourn"]
[EventRounds "11"]
[EventCountry "SRB"]
[SourceTitle "EXT 2022"]
[Source "ChessBase"]
[SourceDate "2021.10.06"]
[SourceVersion "1"]
[SourceVersionDate "2021.10.06"]
[SourceQuality "1"]

1. e4 e6 2. d4 d5 3. Nd2 Nf6 4. e5 Nfd7 5. Bd3 c5 6. c3 Nc6 7. Ne2 Qa5 8. 0-0 b5 9. Nf3 b4 10. Bd2 Ba6 11. cxb4 cxb4 12. Bc2 Qb6 13. Be3 g6 14. Re1 Bxe2 15. Qxe2 Bg7 16. Rec1 0-0 17. h4 f5 18. Qd2 Rfc8 19. h5 Rc7 20. hxg6 hxg6 21. g3 Nf8 22. Kg2 a5 23. Ba4 Rac8 24. Rh1 Qa6 25. Rac1 Nb8 26. Bh6 Rxc1 27. Rxc1 Rxc1 28. Qxc1 Qb7 29. Bxg7 Kxg7 30. Qg5 Nc6 31. Nh4 Nxd4 32. Be8 Nc6 33. Qf6+ Kg8 34. Nxg6 Nxg6 35. Qxe6+ Kf8 36. Bxc6 Qf7 37. Qxf7+ Kxf7 38. Bxd5+ Kg7 39. f4 Ne7 40. Bb7 Kf7 41. Kf2 Ke6 42. Ke3 Kd7 43. Kd4 Kc7 44. Bf3 Kb6 45. e6 1-0

[Event "SRB-chT2 West"]
[Site "Sabac"]
[Date "2014.09.27"]
[Round "5.5"]
[White "Sevic, Slobodan"]
[Black "Savic, Dragan"]
[Result "0-1"]
[WhiteElo "2178"]
[BlackElo "2109"]
[PlyCount "124"]
[EventDate "2014.09.25"]
[EventType "team-swiss"]
[EventRounds "6"]
[EventCountry "SRB"]
[SourceTitle "EXT 2015"]
[Source "ChessBase"]
[SourceDate "2014.11.20"]
[SourceVersion "1"]
[SourceVersionDate "2014.11.20"]
[SourceQuality "1"]

1. e4 e6 2. d4 d5 3. Nd2 Nf6 4. e5 Nfd7 5. Bd3 c5 6. c3 Nc6 7. Ne2 Qb6 8. Nf3 f6 9. exf6 Nxf6 10. 0-0 Bd6 11. b3 0-0 12. h3 e5 13. dxe5 Nxe5 14. Nxe5 Bxe5 15. Bf4 Bxf4 16. Nxf4 Qd6 17. Qd2 Kh8 18. Ne2 Bd7 19. Rad1 Rae8 20. Ng3 g6 21. Be2 Bc6 22. Bf3 Re5 23. Rfe1 Rfe8 24. Rxe5 Qxe5 25. a3 Ne4 26. Bxe4 dxe4 27. Nf1 Kg7 28. Ne3 Re7 29. Qd6 Qxd6 30. Rxd6 Rd7 31. Rxd7+ Bxd7 32. Kf1 Be6 33. c4 Kf6 34. Ke2 Ke5 35. Kd2 g5 36. Kc3 h5 37. Kd2 b6 38. a4 a6 39. Kc3 Bf7 40. Kd2 Be8 41. Kc3 Bc6 42. Kd2 Bd7 43. Kc3 Be6 44. Kd2 b5 45. axb5 axb5 46. cxb5 Bxb3 47. Kc3 Be6 48. Nc4+ Kd5 49. Na5 h4 50. b6 Kd6 51. b7 Kc7 52. Kd2 Bd5 53. Kc3 e3 54. f3 c4 55. Kc2 Kb8 56. Kc3 Be6 57. Kc2 Bf5+ 58. Kc3 Bd3 59. Nc6+ Kxb7 60. Ne5 Bf1 61. Ng4 e2 62. Kd2 c3+ 0-1

[Event "SRB-chT2 West"]
[Site "Sabac"]
[Date "2014.09.25"]
[Round "1.1"]
[White "Savic, Dragan"]
[Black "Cirakovic, Ivan"]
[Result "1-0"]
[WhiteElo "2109"]
[BlackElo "2179"]
[PlyCount "77"]
[EventDate "2014.09.25"]
[EventType "team-swiss"]
[EventRounds "6"]
[EventCountry "SRB"]
[SourceTitle "EXT 2015"]
[Source "ChessBase"]
[SourceDate "2014.11.20"]
[SourceVersion "1"]
[SourceVersionDate "2014.11.20"]
[SourceQuality "1"]

1. e4 c5 2. Nf3 Nc6 3. Bb5 g6 4. 0-0 Bg7 5. c3 a6 6. Ba4 b5 7. Bc2 d5 8. d3 dxe4 9. dxe4 Qxd1 10. Rxd1 Nf6 11. Be3 c4 12. Nd4 Bb7 13. f3 0-0 14. a4 Nxd4 15. Bxd4 Rfd8 16. axb5 axb5 17. Rxa8 Bxa8 18. Na3 Bc6 19. b3 Ra8 20. Bc5 Nd7 21. Bxe7 cxb3 22. Bxb3 Bxc3 23. Bd5 Bxd5 24. Nxb5 Bb3 25. Rxd7 Ra1+ 26. Kf2 Ra2+ 27. Ke3 Ba1 28. Rd8+ Kg7 29. Bf8+ Kf6 30. f4 Rxg2 31. Nc7 g5 32. Re8 Be6 33. Nd5+ Kg6 34. f5+ Kh5 35. fxe6 fxe6 36. Rxe6 Kg4 37. Rh6 Be5 38. Bd6 Bxd6 39. Nf6# 1-0

[Event "SRB-CupT Central Serbia"]
[Site "Serbia"]
[Date "2014.05.02"]
[Round "5.7"]
[White "Djuretanovic, Ivan"]
[Black "Savic, Dragan"]
[Result "1-0"]
[WhiteElo "2047"]
[BlackElo "2069"]
[PlyCount "37"]
[EventDate "2014.03.23"]
[EventType "team"]
[EventRounds "8"]
[EventCountry "SRB"]
[SourceTitle "EXT 2015"]
[Source "ChessBase"]
[SourceDate "2014.11.20"]
[SourceVersion "1"]
[SourceVersionDate "2014.11.20"]
[SourceQuality "1"]

1. e4 e6 2. d4 d5 3. Nc3 Bb4 4. Bd3 c5 5. dxc5 d4 6. a3 Ba5 7. b4 dxc3 8. bxa5 Qxa5 9. Be3 e5 10. Nf3 Nc6 11. 0-0 Nf6 12. h3 0-0 13. g4 h6 14. Qc1 Re8 15. Bxh6 gxh6 16. Qxh6 Nh7 17. Ng5 Nxg5 18. Qxg5+ Kf8 19. Qh6+ 1-0

[Event "Belgrade-ch"]
[Site "Belgrade"]
[Date "2014.01.26"]
[Round "4"]
[White "Savic, Dragan"]
[Black "Popovic, Dragan B"]
[Result "1-0"]
[WhiteElo "2069"]
[BlackElo "2298"]
[PlyCount "101"]
[EventDate "2014.01.23"]
[EventType "swiss"]
[EventRounds "9"]
[EventCountry "SRB"]
[SourceTitle "CBM 158 Extra"]
[Source "ChessBase"]
[SourceDate "2014.02.28"]
[SourceVersion "1"]
[SourceVersionDate "2014.02.28"]
[SourceQuality "1"]

1. e4 c5 2. Nf3 Nc6 3. Bb5 d6 4. 0-0 Bd7 5. c3 Nf6 6. Re1 a6 7. Ba4 c4 8. d4 cxd3 9. Qxd3 g6 10. Bc2 Bg7 11. a4 0-0 12. h3 Be8 13. Na3 Nd7 14. Bg5 h6 15. Bh4 Nde5 16. Nxe5 Nxe5 17. Qe3 g5 18. Bg3 Ng6 19. Nc4 Rc8 20. Nb6 Rc5 21. Nd5 e6 22. Nb4 Bc6 23. Rad1 Ne5 24. Nd3 Ra5 25. Nxe5 Rxe5 26. Bxe5 Bxe5 27. b4 Qf6 28. Rd3 Kg7 29. c4 Rc8 30. Bb3 h5 31. Qe2 Qg6 32. b5 Bd7 33. g3 Rh8 34. Qd2 h4 35. g4 Bc8 36. Rf3 Re8 37. Qc2 b6 38. Qe2 Bb7 39. bxa6 Bxa6 40. Qe3 Rb8 41. Ba2 f6 42. Rb1 Qe8 43. Rb4 Qc6 44. a5 b5 45. cxb5 Rxb5 46. Rxb5 Qxb5 47. Qe1 Kf7 48. Rb3 Qa4 49. Rb6 Bd3 50. Rb7+ Kg6 51. Bxe6 1-0

[Event "Belgrade-ch"]
[Site "Belgrade"]
[Date "2014.01.25"]
[Round "3"]
[White "Radovanovic, Dusan"]
[Black "Savic, Dragan"]
[Result "1-0"]
[WhiteElo "2379"]
[BlackElo "2069"]
[PlyCount "111"]
[EventDate "2014.01.23"]
[EventType "swiss"]
[EventRounds "9"]
[EventCountry "SRB"]
[SourceTitle "CBM 158 Extra"]
[Source "ChessBase"]
[SourceDate "2014.02.28"]
[SourceVersion "1"]
[SourceVersionDate "2014.02.28"]
[SourceQuality "1"]

1. e4 e6 2. d4 d5 3. Nc3 Bb4 4. e5 c5 5. a3 Ba5 6. b4 cxd4 7. Qg4 Ne7 8. Nb5 Bc7 9. Nf3 Nbc6 10. Bb2 Ng6 11. Bxd4 Nxd4 12. Nxc7+ Qxc7 13. Qxd4 Qxc2 14. Bd3 Qa4 15. 0-0 Bd7 16. Rac1 0-0 17. Bc2 Qa6 18. Bxg6 fxg6 19. Rc7 Rad8 20. Rfc1 Rc8 21. Rxc8 Bxc8 22. Rc7 Qa4 23. h3 b6 24. Qh4 Qe8 25. Rxa7 h6 26. Qd4 Qc6 27. Qd2 Rf7 28. Nd4 Qc4 29. Rxf7 Kxf7 30. Qe3 Ke7 31. Kh2 g5 32. g3 Bd7 33. Nf3 Qb5 34. Qd4 Be8 35. Qc3 Qc4 36. Qe3 Qb5 37. Nd4 Qc4 38. Kg2 Bg6 39. g4 Be4+ 40. f3 Bg6 41. Kg3 Be8 42. Qd2 Ba4 43. Qe3 Bd1 44. h4 gxh4+ 45. Kxh4 Ba4 46. f4 Bd7 47. f5 Qf1 48. fxe6 Bxe6 49. Kg3 Qd1 50. Nf3 Qc2 51. Qxb6 Bxg4 52. Qd6+ Ke8 53. e6 Bh5 54. Qd7+ Kf8 55. e7+ Kg8 56. Qxd5+ 1-0

[Event "Belgrade Trophy 27th"]
[Site "Obrenovac"]
[Date "2013.11.30"]
[Round "7"]
[White "Stavnjak, Lazar"]
[Black "Savic, Dragan"]
[Result "1/2-1/2"]
[WhiteElo "2257"]
[BlackElo "2065"]
[PlyCount "31"]
[EventDate "2013.11.24"]
[EventType "swiss"]
[EventRounds "9"]
[EventCountry "SRB"]
[SourceTitle "CBM 157 Extra"]
[Source "ChessBase"]
[SourceDate "2013.12.19"]
[SourceVersion "1"]
[SourceVersionDate "2013.12.19"]
[SourceQuality "1"]

1. e4 e6 2. d4 d5 3. Nc3 Bb4 4. e5 f6 5. Nf3 c5 6. a3 Ba5 7. Bb5+ Bd7 8. Bxd7+ Qxd7 9. 0-0 cxd4 10. Ne2 Nc6 11. Nexd4 Nxd4 12. Qxd4 Bb6 13. Qd3 fxe5 14. Be3 Ne7 15. Rac1 0-0 16. Rfd1 1/2-1/2

[Event "Belgrade Trophy 27th"]
[Site "Obrenovac"]
[Date "2013.11.27"]
[Round "4"]
[White "Savic, Dragan"]
[Black "Jovanovic, Sasa T"]
[Result "1/2-1/2"]
[WhiteElo "2065"]
[BlackElo "2271"]
[PlyCount "75"]
[EventDate "2013.11.24"]
[EventType "swiss"]
[EventRounds "9"]
[EventCountry "SRB"]
[SourceTitle "CBM 157 Extra"]
[Source "ChessBase"]
[SourceDate "2013.12.19"]
[SourceVersion "1"]
[SourceVersionDate "2013.12.19"]
[SourceQuality "1"]

1. e4 c5 2. Nf3 g6 3. c3 Bg7 4. e5 Nc6 5. d4 cxd4 6. cxd4 d6 7. Bb5 a6 8. Bxc6+ bxc6 9. 0-0 dxe5 10. dxe5 Qxd1 11. Rxd1 Bg4 12. Re1 Bxf3 13. gxf3 e6 14. b3 Ne7 15. Ba3 Nf5 16. Re4 Rd8 17. Nc3 Rd3 18. Rc1 Bf8 19. Bxf8 Kxf8 20. Ne2 Rd2 21. a4 Kg7 22. Rxc6 Rb8 23. b4 Rxe2 24. Rxe2 Nd4 25. Rec2 Rxb4 26. R2c4 Nxc6 27. Rxc6 Rxa4 28. Kg2 g5 29. Kg3 a5 30. Rc7 Rb4 31. Ra7 a4 32. Ra5 h5 33. Ra8 Kg6 34. Ra7 Rf4 35. Rb7 Kg7 36. Ra7 Kf8 37. Ra8+ Ke7 38. Ra7+ 1/2-1/2

[Event "Senta op-A 17th"]
[Site "Senta"]
[Date "2013.07.17"]
[Round "6"]
[White "Savic, Dragan"]
[Black "Bejatovic, Bojana"]
[Result "0-1"]
[WhiteElo "2106"]
[BlackElo "2002"]
[PlyCount "78"]
[EventDate "2013.07.13"]
[EventType "swiss"]
[EventRounds "9"]
[EventCountry "SRB"]
[SourceTitle "EXT 2014"]
[Source "ChessBase"]
[SourceDate "2013.11.20"]
[SourceVersion "1"]
[SourceVersionDate "2013.11.20"]
[SourceQuality "1"]

1. c3 d5 2. d4 Nf6 3. Nd2 e6 4. Qc2 c5 5. Ngf3 Nc6 6. e3 Bd6 7. Be2 0-0 8. 0-0 Qe7 9. Re1 e5 10. dxe5 Nxe5 11. c4 Bg4 12. cxd5 Nxd5 13. Nxe5 Bxe2 14. Rxe2 Qxe5 15. Nf3 Qf6 16. Bd2 Rfe8 17. Ree1 Rad8 18. Qb3 Nb6 19. Rad1 Qf5 20. Bc1 h6 21. Qb5 Bc7 22. Qe2 Qg4 23. h3 Qe4 24. Kf1 Nd5 25. Nd2 Qe5 26. Nf3 Qe4 27. Qb5 b6 28. a3 Re7 29. Rd2 Red7 30. Red1 Bg3 31. Qb3 c4 32. Qa4 Nxe3+ 33. Kg1 Bxf2+ 34. Kh1 Rxd2 35. Rxd2 Rxd2 36. Bxd2 Qb1+ 37. Be1 Bxe1 38. Qe8+ Kh7 39. Qxf7 Bf2+ 0-1

[Event "Senta op-A 17th"]
[Site "Senta"]
[Date "2013.07.16"]
[Round "5"]
[White "Savic, Dragan"]
[Black "Korponai, Akos"]
[Result "0-1"]
[WhiteElo "2106"]
[BlackElo "1786"]
[PlyCount "108"]
[EventDate "2013.07.13"]
[EventType "swiss"]
[EventRounds "9"]
[EventCountry "SRB"]
[SourceTitle "EXT 2014"]
[Source "ChessBase"]
[SourceDate "2013.11.20"]
[SourceVersion "1"]
[SourceVersionDate "2013.11.20"]
[SourceQuality "1"]

1. c3 Nf6 2. d4 d5 3. Nd2 e6 4. Ngf3 c5 5. g3 cxd4 6. cxd4 Nc6 7. Bg2 Bd6 8. 0-0 0-0 9. a3 b5 10. Nb3 Qb6 11. Be3 Bb7 12. Rc1 Rfc8 13. h3 a5 14. Nc5 a4 15. Qd3 Na5 16. Bg5 Ne4 17. Nd7 Qa6 18. Bf4 Nc4 19. Rc2 f6 20. Rfc1 Bxf4 21. gxf4 Nxb2 22. Qe3 Rxc2 23. Rxc2 Nc4 24. Qc1 Qd6 25. Nc5 Nxc5 26. dxc5 Qxc5 27. Rc3 Rc8 28. Nd2 Qd6 29. e3 Qd7 30. Nf3 Rc5 31. Bf1 Qc8 32. Nd4 e5 33. Ne2 Qc6 34. Bg2 Qb6 35. fxe5 fxe5 36. Qb1 Qg6 37. Qxg6 hxg6 38. Nc1 Kf7 39. Nd3 Rc8 40. Nb4 Ke6 41. Rd3 e4 42. Rc3 g5 43. Nc2 Nd6 44. Rxc8 Bxc8 45. h4 gxh4 46. Nd4+ Kf6 47. f3 Bd7 48. f4 Nc4 49. Nc2 Bg4 50. Bf1 Bd1 51. Nb4 Ke6 52. f5+ Kd6 53. Na2 Kc5 54. Nc3 Bg4 0-1

[Event "SRB-chT"]
[Site "Vrnjacka Banja"]
[Date "2012.10.01"]
[Round "4.5"]
[White "Savic, Dragan"]
[Black "Zajic, Milan"]
[Result "0-1"]
[WhiteElo "2119"]
[BlackElo "2212"]
[PlyCount "144"]
[EventDate "2012.09.29"]
[EventType "team-tourn"]
[EventRounds "11"]
[EventCountry "SRB"]
[SourceTitle "CBM 150 Extra"]
[Source "ChessBase"]
[SourceDate "2012.10.19"]
[SourceVersion "1"]
[SourceVersionDate "2012.10.19"]
[SourceQuality "1"]
[WhiteTeam "Vladimirci"]
[BlackTeam "Paracin"]
[WhiteTeamCountry "SRB"]
[BlackTeamCountry "SRB"]

1. c3 Nf6 2. d4 d5 3. Nd2 Bf5 4. Ngf3 e6 5. Nh4 Bg4 6. h3 Bh5 7. g4 Bg6 8. Nxg6 hxg6 9. Bg2 c6 10. Qc2 Bd6 11. e4 dxe4 12. Nxe4 Nxe4 13. Qxe4 Nd7 14. 0-0 g5 15. f4 gxf4 16. Bxf4 Bxf4 17. Qxf4 0-0 18. Rae1 Qb6 19. Rf2 Rad8 20. g5 c5 21. Qh4 cxd4 22. cxd4 Rfe8 23. Ref1 f5 24. Kh1 g6 25. Rf4 Nf8 26. Re1 Qxb2 27. d5 Qd2 28. Rd4 Qc3 29. Rc4 Qa5 30. Rec1 Rd7 31. Rc5 Qd2 32. R5c2 Qe3 33. Rc8 exd5 34. Rxe8 Qxe8 35. Qd4 Qd8 36. h4 Kh7 37. Re1 Re7 38. Rd1 Qb6 39. Qxb6 axb6 40. Rxd5 Rc7 41. Rd6 Nd7 42. Bd5 Kg7 43. Be6 Nc5 44. Rxb6 Nxe6 45. Rxe6 Rc4 46. Re7+ Kf8 47. Rh7 b5 48. Kg2 Kg8 49. Rb7 Rxh4 50. Rxb5 Rg4+ 51. Kf3 Rxg5 52. Rb7 Rg4 53. Ra7 Rc4 54. a4 Rb4 55. Ke3 g5 56. Ra5 Re4+ 57. Kd3 Rf4 58. Ra7 g4 59. Ke3 Re4+ 60. Kf2 f4 61. Kg2 Re2+ 62. Kf1 Ra2 63. Ra5 Kh7 64. Rg5 g3 65. a5 Kh6 66. Rg4 Rf2+ 67. Kg1 Kh5 68. Rg7 Ra2 69. a6 Rxa6 70. Kh1 Ra2 71. Rb7 Kg4 72. Rb1 Kh3 0-1